000 00749cam a2200241u 4500
999 _c980
_d980
001 5934003
003 GZU
005 20200918090158.0
008 830518s1925 nyub 000 0 eng
010 _a 29008378
040 _aDLC
_cCarP
_dDLC
043 _an------
050 0 0 _aF799
_bBOL 2012
100 1 _aBolton, Herbert Eugene,
_d1870-1953,
_eed.
245 1 0 _aSpanish exploration in the Southwest, 1542-1706/
_cHerbet Eugene Bolton
260 _aNew York,
_bC. Scribner's sons,
_c1925.
300 _a171p.
500 _aincludes index
651 0 _aAmerica
_xDiscovery and exploration
_xSpanish.
651 0 _aSouthwest, New
_xDiscovery and exploration.
906 _a0
_bcbc
_cpremunv
_du
_encip
_f19
_gy-gencatlg
942 _2lcc
_cBK
_h799
_iBOL
_kF